Представление документа в формате MARC21

Поле Инд. ПП Название Значение
Тип записи a
Библиографический уровень b
001 Контрольный номер RU/IS/BASE/114872084
005 Дата корректировки 20200630193200.0
084 a Индекс другой классификации/Индекс ББК 74.57
100 1_ a Автор Смирнова Л. В.
q Полное имя Смирнова Людмила
245 a Заглавие Приемы коррекции голоса у детей
500 a Примечание Приложение: Дыхательная гимнастика Стрельниковой. Фонематическая ритмика; Слоговая таблица
650 a Основная рубрика коррекционная педагогика (специальная педагогика)
a Основная рубрика педагогика
653 a Ключевые слова восстановление голоса
a Ключевые слова гигиена голоса
a Ключевые слова голос
a Ключевые слова голосообразование
a Ключевые слова дефектология
a Ключевые слова коррекционная методика
a Ключевые слова коррекция голоса
a Ключевые слова логопедия
a Ключевые слова методика восстановления голоса
a Ключевые слова младшие школьники
a Ключевые слова нарушения голоса
a Ключевые слова начальная школа
a Ключевые слова ортфония
773 t Заглавие источника Вестник психосоциальной и коррекционно-реабилитационной работы
d Дата издания источника 1999
g Прочая информация № 3. - С. 15 - 34 : табл.
w Контрольный № источника RU/IS/BASE/119011552
901 t Тип документа b